| 000 | 00494nam a22001817a 4500 | ||
|---|---|---|---|
| 003 | CEME | ||
| 005 | 20210628201710.0 | ||
| 008 | 210215b xxu||||| |||| 00| 0 eng d | ||
| 020 | _a981-235-846-3 | ||
| 040 | _c. | ||
| 082 | _a621.4021 ROG | ||
| 100 |
_aRogers, Gordon Mayhew, Yon _956405 |
||
| 245 | _aEngineering thermodynamics work and heat transfer | ||
| 260 |
_aINDIA _bADDISON WESLEY _c2000 |
||
| 300 | _aXXVII,709P | ||
| 650 |
_aTHERMODYNAMICS-ENGINEERING _956406 |
||
| 942 |
_cBK _2ddc |
||
| 999 |
_c566834 _d566834 |
||